00451 2200181 4500001002100000008004100021035002000062245003400082100001900116250001000135260003300145300002000178020001800198084001400216082000800230650001800238990001300256INLIS000000000000788 ind  a0010-0120000788 aJalan Ke SurgacChoirul Anwar aAnwar, Choirul aCet,1 aSolo:bTiga Serangkai,c2007 a24 hlm,c20 cm. a979-33-0529-0 a201 ANW j a201 aCerita Islami a11900300